000 00297nam a2200121Ia 4500
008 240624s9999 xx 000 0 und d
041 _aeng
100 _a#N/A
245 _aPUNDITS FROM PAKISTAN ON TOUR WITH INDIA
260 _aNew Delhi
_bPenguin Books
300 _a360;. P. 23 cm
365 _cRS
999 _c32523
_d32523